LEADER 01351nam2 2200301 i 450 001 SUN0012505 005 20140702021655.640 010 $a88-13-20140-0 020 $aIT$b98 1560 100 $a20030206d1997 |0itac50 ba 101 $aita 102 $aIT 105 $a|||| ||||| 200 1 $aˆ23: ‰Processi concorsuali minori$econcordato preventivo, amministrazione controllata, liquidazione coatta, e amministrazione straordinaria$fAngelo Bonsignori 210 $aPadova$cCEDAM$d1997 215 $aXIV, 737 p.$d25 cm. 461 1$1001SUN0000012$12001 $aTrattato di diritto commerciale e di diritto pubblico dell'economia$fdiretto da Francesco Galgano$v23$1210 $aPadova$cCedam$1215 $avolumi$d25 cm. 606 $aProcedure concorsuali$2FI$3SUNC000956 620 $dPadova$3SUNL000007 676 $a346.45078$cFallimento. Italia$v21 700 1$aBonsignori$b, Angelo$3SUNV001457$0226454 712 $aCEDAM$3SUNV005537$4650 801 $aIT$bSOL$c20181109$gRICA 912 $aSUN0012505 950 $aUFFICIO DI BIBLIOTECA DEL DIPARTIMENTO DI GIURISPRUDENZA$d00 CONS VI.D.23 (23) $e00 16488 995 $aUFFICIO DI BIBLIOTECA DEL DIPARTIMENTO DI GIURISPRUDENZA$h16488$kCONS VI.D.23 (23)$op$qa 996 $aProcessi concorsuali minori$9207305 997 $aUNICAMPANIA LEADER 00851nam0 2200301 450 001 9910270459703321 005 20200629110003.0 010 $a9788857544571 100 $a20180607d2018 km y0itay50 ba 101 0 $aita 102 $aIT 105 $ay 001yy 200 1 $aLibrary linked data$everso l'interoperabilità tra le istituzioni culturali$fEster Marinelli 210 $aMilano$cMimesis 215 $a124 p.$d16 cm 225 1 $aLibricolae$iminima$v3 610 0 $aLinked data 676 $a025.0427$v23$dita 700 1$aMarinelli$bEster$0750168 801 0$aIT$bUNINA$gREICAT$2UNIMARC 901 $aBK 912 $a9910270459703321 952 $aMAR025.0427A$b1417$fDECBC 952 $aCollez.2649 (3)$b1639/2020$fFSPBC 959 $aFSPBC 959 $aDECBC 996 $aLibrary linked data$91509575 997 $aUNINA